00410nam a2200169Ia 450000500170000000800410001702000280005804000190008604100120010508200110011710000160012824500290014426000350017330000100020865000120021885000100023020230714121621.0140110s9999 xx 000 0 und d a978147110008cRs.325.00 aLoreto College aEnglish aFbALI aAli, Monica aUntold storycMonica Ali aLondonbSimon & Schusterc2011 a342p. aFiction aLCLIB